<The> Influence of Central Bank Monetary Policy Announcements on Cryptocurrency Return Volatility
Vznik Bitcoinu v roku 2009 získal značnú pozornosť, ktorá sa týkala platnosti kryptomeny ako životaschopnej alternatívy a v niektorých jurisdikciách legálnej meny. Napriek všeobecným obavám, že táto kryptomena podporuje prostredie, v ktorom sa môže vyskytnúť značná bublina, je dôležité analyzovať, č...
Salvato in:
| Autore principale: | |
|---|---|
| Altri autori: | , |
| Natura: | Capitolo di libro |
| Lingua: | inglese |
| Soggetti: | |
| Tags: |
Nessun Tag, puoi essere il primo ad aggiungerne!!
|
MARC
| LEADER | 00000nla a2200000 4500 | ||
|---|---|---|---|
| 001 | 0242744 | ||
| 005 | 20220803161959.4 | ||
| 041 | 0 | |a eng | |
| 044 | |a UA | ||
| 245 | 1 | 0 | |a <The> Influence of Central Bank Monetary Policy Announcements on Cryptocurrency Return Volatility |c Shaen Corbert, Grace McHugh, Andrew Meegan |
| 520 | |a Vznik Bitcoinu v roku 2009 získal značnú pozornosť, ktorá sa týkala platnosti kryptomeny ako životaschopnej alternatívy a v niektorých jurisdikciách legálnej meny. Napriek všeobecným obavám, že táto kryptomena podporuje prostredie, v ktorom sa môže vyskytnúť značná bublina, je dôležité analyzovať, či sa tieto nové aktíva správajú podobne ako hlavné medzinárodné meny. | ||
| 610 | 2 | 0 | |a banky centrálne |
| 610 | 2 | 0 | |a politika menová |
| 610 | 2 | 0 | |a mena |
| 610 | 2 | 0 | |a mena digitálna |
| 610 | 2 | 0 | |a mena virtuálna |
| 610 | 2 | 0 | |a volatilita |
| 610 | 2 | 0 | |a zisk |
| 100 | 1 | |a Corbert, Shaen | |
| 700 | 1 | |a McHugh, Grace | |
| 700 | 1 | |a Meegan, Andrew | |